000 00414nam a22001577a 4500
003 SGT
020 _a9788123919201
082 _a615.19
_bO23Q
100 _aQADRY, J.S & QADRY, S.S
245 _aORGANIC PHARMACEUTICAL AND MEDICINAL CHEMISTRY
260 _aNEW DELHI
_bCBS PUBLICATTION
_c2023
300 _a262
650 _aPHARMACY
653 _aORGANIC, PHARMACEUTICAL, MEDICINAL, CHEMISTRY
942 _2ddc
_cBK
999 _c32096
_d32096